-
Robbins, Stephen P. and Timothy A Judge /Seema Sanghi
Entry Personal Name
Number of records used in: 1
001 - CONTROL NUMBER
003 - CONTROL NUMBER IDENTIFIER
005 - DATE AND TIME OF LATEST TRANSACTION
- control field:
20180727151628.0
008 - FIXED-LENGTH DATA ELEMENTS
- fixed length control field:
180727|| aca||aabn | a|a d
040 ## - CATALOGING SOURCE
- Original cataloging agency:
OSt
- Transcribing agency:
OSt
100 ## - HEADING--PERSONAL NAME
- Personal name:
Robbins, Stephen P. and Timothy A Judge /Seema Sanghi
670 ## - SOURCE DATA FOUND
- Source citation:
Work cat.: (OSt)867: Robbins, Stephen P. and Timothy A Judge /Seema Sanghi, Essentials of Organizational Behaviour, 2010